[Event "NCL978b Bristol2-Barbican2"]
[Site "Rd1"]
[Date "1998.05.24"]
[Round "1.1"]
[White "Easton, Alex"]
[Black "Lewis, Andrew"]
[Result "0-1"]
[WhiteElo "2096"]
[BlackElo "2290"]
[PlyCount "78"]
[EventDate "1998.05.24"]

1. Nf3 Nf6 2. c4 g6 3. Nc3 Bg7 4. e4 d6 5. d4 O-O 6. Be2 e5 7. O-O Nbd7 8. Qc2
c6 9. d5 c5 10. a3 b6 11. b4 h6 12. Rb1 Ne8 13. Bd3 Ndf6 14. Bd2 Nh5 15. g3 Bg4
16. Ne1 Bh3 17. Ng2 f5 18. exf5 gxf5 19. Be2 Nef6 20. bxc5 dxc5 21. Rfe1 e4 22.
Nf4 Nxf4 23. Bxf4 Ng4 24. Nd1 Ne5 25. Rb3 Qe8 26. Qd2 Qg6 27. Bxe5 Bxe5 28. f4
exf3 29. Bxf3 Bd4+ 30. Kh1 Rae8 31. Nf2 Rxe1+ 32. Qxe1 Re8 33. Qd2 Bg4 34. Bxg4
fxg4 35. h4 Rf8 36. Nd3 Qe4+ 37. Kh2 Rf1 38. Qg2 Rf3 39. h5 Qf5 0-1

[Event "NCL978b Bristol2-Barbican2"]
[Site "Rd1"]
[Date "1998.05.24"]
[Round "1.2"]
[White "Coleman, David"]
[Black "Buckley, Simon"]
[Result "0-1"]
[WhiteElo "2240"]
[BlackElo "2105"]
[PlyCount "50"]
[EventDate "1998.05.24"]

1. e4 c5 2. Nf3 d6 3. d4 cxd4 4. Nxd4 Nf6 5. Nc3 g6 6. Bg5 Bg7 7. Bb5+ Bd7 8.
Qe2 Nc6 9. O-O-O Ng4 10. Bxc6 bxc6 11. h3 Qb6 12. hxg4 Bxd4 13. Bd2 Rb8 14. b3
Qc5 15. Qf3 a5 16. Nb1 a4 17. Bh6 axb3 18. axb3 Be6 19. Rd3 Ra8 20. Rhd1 Ra2
21. Nc3 Bxb3 22. Rxd4 Rxc2+ 23. Kb1 Rxc3 24. Rc1 Rxc1+ 25. Bxc1 Qc2+ 0-1

[Event "NCL978b Bristol2-Barbican2"]
[Site "Rd1"]
[Date "1998.05.24"]
[Round "1.3"]
[White "Buckley, David"]
[Black "Twyble, Michael"]
[Result "1/2-1/2"]
[WhiteElo "2115"]
[BlackElo "2205"]
[PlyCount "39"]
[EventDate "1998.05.24"]

1. g3 g6 2. Bg2 Bg7 3. e4 c5 4. f4 Nc6 5. Nf3 d6 6. O-O f5 7. d3 Nh6 8. Re1 O-O
9. Nc3 Kh8 10. Kh1 Nd4 {(Draw offer)} 11. Nxd4 cxd4 12. Ne2 Qb6 13. h3 Bd7 14.
c3 dxc3 15. Nxc3 e6 16. Qe2 Bd4 17. Be3 Bxe3 18. Qxe3 Qxe3 19. Rxe3 Rac8 20.
Ree1 1/2-1/2

[Event "NCL978b Bristol2-Barbican2"]
[Site "Rd1"]
[Date "1998.05.24"]
[Round "1.4"]
[White "Sands, David"]
[Black "Cooper, Andrew C"]
[Result "1/2-1/2"]
[WhiteElo "2255"]
[BlackElo "2056"]
[PlyCount "41"]
[EventDate "1998.05.24"]

1. d4 Nf6 2. c4 e6 3. Nc3 Bb4 4. Qc2 O-O 5. a3 Bxc3+ 6. Qxc3 b6 7. Bg5 Bb7 8.
e3 d6 9. f3 Nbd7 10. Bd3 c5 11. dxc5 Nxc5 12. Bc2 Rc8 13. Nh3 Ncd7 14. Qd2 Rxc4
15. Bb3 Rc5 16. Qxd6 Qc7 17. Qxc7 Rxc7 18. O-O h6 19. Bf4 e5 20. Bg3 Bd5 21.
Bxd5 1/2-1/2

[Event "NCL978b Bristol2-Barbican2"]
[Site "Rd1"]
[Date "1998.05.24"]
[Round "1.5"]
[White "Player, Edmund"]
[Black "Reuben, Stewart"]
[Result "0-1"]
[WhiteElo "2115"]
[BlackElo "2230"]
[PlyCount "84"]
[EventDate "1998.05.24"]

1. e4 c5 2. Nc3 Nc6 3. g3 g6 4. Bg2 Bg7 5. d3 d6 6. f4 e6 7. Nf3 Nge7 8. O-O
O-O 9. Be3 Rb8 10. Rb1 b5 11. Qd2 b4 12. Ne2 Qa5 13. a3 bxa3 14. Qxa5 Nxa5 15.
bxa3 Ba6 16. e5 Nd5 17. Bf2 c4 18. Bxa7 Ra8 19. Bd4 cxd3 20. cxd3 Bxd3 21. Rbe1
Nc6 22. Rf2 Nxd4 23. Nexd4 dxe5 24. Nxe5 Rxa3 25. Ndc6 {(Draw offer)} Bxe5 26.
Nxe5 Bb5 27. Rb2 Ba4 28. Nc4 Rc3 29. Ne5 Ne3 30. Be4 f6 31. Nf3 Rfc8 32. Rbe2
Ng4 33. h3 f5 34. hxg4 fxe4 35. Ng5 Rxg3+ 36. Kf2 Rxg4 37. Rxe4 Bb3 38. Kf3 h5
39. Nxe6 Bd5 40. Ke3 Bxe4 41. Kxe4 Re8 42. Kd5 Rxf4 0-1

[Event "NCL978b Bristol2-Barbican2"]
[Site "Rd1"]
[Date "1998.05.24"]
[Round "1.6"]
[White "Williamson, Paul"]
[Black "Dilleigh, Steven"]
[Result "1/2-1/2"]
[WhiteElo "2160"]
[BlackElo "2000"]
[PlyCount "82"]
[EventDate "1998.05.24"]

1. d4 Nf6 2. c4 g6 3. Nc3 Bg7 4. e4 d6 5. f3 O-O 6. Be3 c5 7. dxc5 dxc5 8. Qxd8
Rxd8 9. Bxc5 Nc6 10. Ba3 a5 11. Rd1 Be6 12. Nd5 Nb4 13. Nxe7+ Kh8 14. Nd5 Nc2+
15. Kf2 Nxa3 16. bxa3 b5 17. Nh3 Rac8 18. Be2 Nxd5 19. cxd5 Bxh3 20. gxh3 Rc2
21. Rd3 Rxa2 22. Rb1 b4 23. axb4 a4 24. f4 g5 25. fxg5 a3 26. Rbd1 Be5 27. d6
Rb2 28. Rxa3 Rxb4 29. Kf3 Rxd6 30. h4 Bxh2 31. Rxd6 Bxd6 32. Rd3 Be5 33. h5 h6
34. gxh6 Rd4 35. Rb3 Rd7 36. Kg4 Kh7 37. Kf5 Re7 38. Rb5 f6 39. Rd5 Kxh6 40.
Bf3 Kh7 41. Rd8 Bb2 1/2-1/2

[Event "NCL978b Bristol2-Barbican2"]
[Site "Rd1"]
[Date "1998.05.24"]
[Round "1.8"]
[White "Kieran, Rosalind"]
[Black "Tidman, Sophie"]
[Result "0-1"]
[WhiteElo "2050"]
[BlackElo "1576"]
[PlyCount "94"]
[EventDate "1998.05.24"]

1. e4 e6 2. d4 d5 3. e5 c5 4. c3 Nc6 5. Nf3 Bd7 6. Be2 f6 7. O-O fxe5 8. Nxe5
Nxe5 9. dxe5 Qc7 10. c4 d4 11. Re1 O-O-O 12. Bf3 Be7 13. Nd2 Nh6 14. a3 g5 15.
b4 g4 16. Be4 Nf7 17. bxc5 Nxe5 18. Rb1 Nc6 19. Nb3 e5 20. Bd2 Rdf8 21. Qe2 g3
22. fxg3 Bf5 23. Bh6 Bxe4 24. Qxe4 Rf7 25. Qd3 Bf8 26. Bd2 Qd7 27. Na5 Nxa5 28.
Bxa5 Bg7 29. Qe4 Qf5 30. Qe2 Rhf8 31. Rf1 Qxf1+ 32. Rxf1 Rxf1+ 33. Qxf1 Rxf1+
34. Kxf1 e4 {#} 35. Ke2 Kd7 36. Bd2 Kc6 37. Bb4 Bf8 38. a4 Bxc5 39. Bd2 d3+ 40.
Kd1 e3 41. Bc3 e2+ 42. Ke1 Bg1 43. h3 Kc5 44. g4 Kxc4 45. Bd2 Kb3 46. a5 Kc2
47. Bf4 Bd4 0-1

[Event "NCL978b Kings Head-Witney"]
[Site "Rd1"]
[Date "1998.05.24"]
[Round "1.1"]
[White "Berry, Steve"]
[Black "Devereaux, Maxim"]
[Result "1/2-1/2"]
[WhiteElo "2290"]
[BlackElo "2285"]
[PlyCount "98"]
[EventDate "1998.05.24"]

1. e4 c5 2. Nf3 Nc6 3. Bb5 g6 4. O-O Bg7 5. c3 Nf6 6. Re1 O-O 7. h3 a6 8. Bxc6
bxc6 9. d4 cxd4 10. cxd4 Rb8 11. Nc3 d6 12. Qe2 Qa5 13. Bf4 Be6 14. Rac1 Rfe8
15. b3 Bd7 16. Nd2 Nh5 17. Be3 Be6 18. Nc4 Bxc4 19. Qxc4 Rec8 20. Qd3 Nf6 21.
Re2 Rc7 22. Rec2 Rbc8 23. f3 Nd7 24. Na4 Kf8 25. Kf1 Ke8 26. Ke2 Kd8 27. Bd2
Qh5 28. Qxa6 Bxd4 29. Rxc6 Nc5 30. R6xc5 dxc5 31. Qd3 Ke8 32. Nb6 Rd8 33. Nd5
Rxd5 34. exd5 Qxd5 35. Qe4 Qd7 36. Be3 Bxe3 37. Qxe3 Qb5+ 38. Kf2 Qa5 39. Rc2
Qb6 40. Kf1 Qa6+ 41. Kg1 Qa5 42. Qe5 Rc6 43. f4 Qc7 44. Qxc7 Rxc7 45. b4 Ra7
46. bxc5 Ra4 47. g3 Kd7 48. c6+ Kc7 49. Kg2 h5 1/2-1/2

[Event "NCL978b Kings Head-Witney"]
[Site "Rd1"]
[Date "1998.05.24"]
[Round "1.2"]
[White "Cooksey, Paul"]
[Black "Thomas, Richard"]
[Result "1/2-1/2"]
[WhiteElo "2185"]
[BlackElo "2310"]
[PlyCount "93"]
[EventDate "1998.05.24"]

1. d4 d5 2. c4 c6 3. Nf3 Nf6 4. Nc3 dxc4 5. a4 Bf5 6. e3 e6 7. Bxc4 Bb4 8. O-O
O-O 9. Qe2 Nbd7 10. e4 Bg4 11. h3 Bxf3 12. Qxf3 Nb6 13. Qd3 Nxc4 14. Qxc4 Bxc3
15. bxc3 Nxe4 16. Rb1 Rc8 17. Qd3 Nd6 18. Ba3 b6 19. Rfe1 Re8 20. Re5 Nf5 21.
Rbe1 Ne7 22. c4 Qd7 23. Bxe7 Rxe7 24. a5 Rd8 25. axb6 axb6 26. Qf3 Ree8 27.
R1e4 f6 28. Rh5 Re7 29. Reh4 g6 30. Rh6 f5 31. Qe3 Rg7 32. Rf4 Qd6 33. h4 Ra8
34. g3 b5 35. cxb5 cxb5 36. h5 Ra1+ 37. Kg2 Qd5+ 38. Qf3 b4 39. Qxd5 exd5 40.
hxg6 hxg6 41. Rfh4 Rd1 42. Rh8+ Kf7 43. Rb8 g5 44. Rh6 Rxd4 45. Rb7+ Kg8 46.
Rb8+ Kf7 47. Rb7+ 1/2-1/2

[Event "NCL978b Kings Head-Witney"]
[Site "Rd1"]
[Date "1998.05.24"]
[Round "1.3"]
[White "McMichael, Rick"]
[Black "Dickinson, Tim"]
[Result "1-0"]
[WhiteElo "2200"]
[BlackElo "2180"]
[PlyCount "49"]
[EventDate "1998.05.24"]

1. b3 e5 2. Bb2 Nc6 3. e3 a6 4. c4 Nf6 5. Nf3 e4 6. Nd4 Nxd4 7. Bxd4 c5 8. Bb2
d5 9. cxd5 Nxd5 10. Nc3 Nxc3 11. Bxc3 Qg5 12. h4 Qg4 13. Qc2 h5 14. Rh3 Bd6 15.
Rh1 O-O 16. Be2 Qg6 17. O-O-O b5 18. g4 Bxg4 19. Bxg4 hxg4 20. h5 Qe6 21. h6
gxh6 22. Rh5 Rfe8 23. Rdh1 Kh7 24. Qxe4+ f5 25. Rxh6+ 1-0

[Event "NCL978b Kings Head-Witney"]
[Site "Rd1"]
[Date "1998.05.24"]
[Round "1.4"]
[White "Rose, Matthew"]
[Black "Okike, David"]
[Result "1/2-1/2"]
[WhiteElo "2176"]
[BlackElo "2150"]
[PlyCount "193"]
[EventDate "1998.05.24"]

1. e4 e6 2. d4 d5 3. Nd2 dxe4 4. Nxe4 Nf6 5. Nxf6+ Qxf6 6. Nf3 h6 7. Bd3 Nc6 8.
O-O Bd7 9. c3 O-O-O 10. Re1 g5 11. Be3 Qg7 12. b4 Ne7 13. Ne5 Nd5 14. Nxd7 Rxd7
15. Qa4 a6 16. b5 Nb6 17. Qa5 axb5 18. Bxb5 Rd8 19. c4 Rxd4 20. Bxd4 Qxd4 21.
Red1 Qc5 22. Qa7 Qa3 23. Qxa3 Bxa3 24. Rd3 Bc5 25. a4 c6 26. a5 Nd7 27. a6 bxa6
28. Rxa6 cxb5 29. cxb5 Nb8 30. Rc3 Kb7 31. Rxc5 Nxa6 32. bxa6+ Kxa6 33. h4 Kb6
34. Rc3 g4 35. Kh2 Rd8 36. Kg3 Rd4 37. Rc8 h5 38. Rf8 Rd7 39. Rh8 Rd5 40. Rc8
Rc5 41. Rf8 Rf5 42. Rc8 Kb7 43. Rc4 Ra5 44. Kf4 Rb5 45. Rc2 f6 46. Ke3 Kb6 47.
Rc8 Rc5 48. Rf8 Re5+ 49. Kf4 Rf5+ 50. Ke3 Kc6 51. g3 Kd6 52. Ra8 Rf3+ 53. Ke2
Rc3 54. Rd8+ Ke7 55. Ra8 Kf7 56. Ra5 Kg6 57. Rb5 Rf3 58. Rb6 e5 59. Rb8 Ra3 60.
Rb6 Kf5 61. Rc6 Ra5 62. Rb6 e4 63. Rb8 Ra2+ 64. Ke3 Ra3+ 65. Ke2 Ra5 66. Ke3
Re5 67. Ra8 Kg6 68. Rg8+ Kf7 69. Ra8 Rf5 70. Ra4 Rf3+ 71. Kxe4 Rxf2 72. Ra3
Re2+ 73. Kf4 Kg6 74. Rb3 Re5 75. Ra3 Rf5+ 76. Ke4 Rf1 77. Rb3 Re1+ 78. Kf4 Re6
79. Rb5 Ra6 80. Rb3 Ra4+ 81. Ke3 Kf7 82. Rb7+ Ke6 83. Rb6+ Kf5 84. Rb5+ Kg6 85.
Rb3 Ra6 86. Kf4 f5 87. Ke3 Re6+ 88. Kf2 Kf6 89. Rb8 Ra6 90. Rf8+ Ke5 91. Re8+
Kd4 92. Rd8+ Ke5 93. Rh8 Ra2+ 94. Kg1 Ke4 95. Rxh5 Kf3 96. Rxf5+ Kxg3 97. h5 {
(etc - 113 moves, remaining moves ambiguous)} 1/2-1/2

[Event "NCL978b Kings Head-Witney"]
[Site "Rd1"]
[Date "1998.05.24"]
[Round "1.5"]
[White "Churm, Rohan"]
[Black "O'Shaughnessy, Conor"]
[Result "1/2-1/2"]
[WhiteElo "2115"]
[BlackElo "2210"]
[PlyCount "79"]
[EventDate "1998.05.24"]

1. b3 e5 2. Bb2 Nc6 3. c4 g6 4. Nf3 Bg7 5. e3 Nge7 6. d4 exd4 7. Nxd4 O-O 8.
Nxc6 Nxc6 9. Bxg7 Kxg7 10. Nc3 d6 11. Be2 Be6 12. O-O Qd7 13. f4 f5 14. Bf3
Rae8 15. Qd2 Qe7 16. Rac1 Kg8 17. h3 Qg7 18. Kh2 Bc8 19. Rg1 Ne7 20. g3 Rd8 21.
Rc2 c6 22. Ne2 d5 23. c5 Kh8 24. Qa5 a6 25. Qc3 Qxc3 26. Rxc3 Rde8 27. Nc1 Ng8
28. Rd1 Nf6 {(Draw offer)} 29. Kg2 Re7 30. Kf2 h6 31. Rd4 g5 32. Bg2 gxf4 33.
Rxf4 Rg8 34. Ne2 Reg7 35. Rc1 Kh7 36. Bf3 Nd7 37. Rd4 Ne5 38. Rg1 Nd7 39. Rc1
Ne5 40. Rg1 1/2-1/2

[Event "NCL978b Kings Head-Witney"]
[Site "Rd1"]
[Date "1998.05.24"]
[Round "1.6"]
[White "Jones, Nicholas"]
[Black "Mackenzie, Colin"]
[Result "0-1"]
[WhiteElo "1928"]
[BlackElo "2056"]
[PlyCount "86"]
[EventDate "1998.05.24"]

1. e4 e6 2. Nc3 d5 3. Nf3 d4 4. Ne2 c5 5. c3 Nc6 6. cxd4 cxd4 7. Qa4 d3 8. Ned4
Bd7 9. Bxd3 Bc5 10. Nxc6 Bxc6 11. Qc4 Bb6 12. O-O Ne7 13. a4 Rc8 14. Bb1 O-O
15. Qe2 Bd4 16. Ra3 e5 17. b4 Qb6 18. b5 a6 19. Nxd4 exd4 20. Qh5 Bd7 21. e5 g6
22. Qg5 Qc5 23. Bd3 f6 24. Qh4 Nf5 25. Bxf5 Bxf5 26. Ra1 Qxe5 27. Bb2 Rfd8 28.
Rfe1 Qd6 29. bxa6 bxa6 30. Ba3 Qc6 31. Re7 h5 32. Rae1 Re8 33. h3 Rxe7 34. Bxe7
Re8 35. Qxd4 Kf7 36. Qe3 Qd7 37. Qb3+ Be6 38. Qb6 Rxe7 39. Qxa6 Qb7 40. Qd3 Qd7
41. Qa3 Qxd2 42. Ra1 Bd5 43. a5 Re1+ 0-1

[Event "NCL978b Kings Head-Witney"]
[Site "Rd1"]
[Date "1998.05.24"]
[Round "1.7"]
[White "Compton, Alastair"]
[Black "Short, Allan"]
[Result "1/2-1/2"]
[WhiteElo "1828"]
[BlackElo "1832"]
[PlyCount "46"]
[EventDate "1998.05.24"]

1. e4 e6 2. d4 d5 3. Nc3 Nf6 4. Bg5 Be7 5. e5 Nfd7 6. h4 h6 7. Be3 c5 8. Qg4
Kf8 9. Nf3 Nc6 10. O-O-O cxd4 11. Bxd4 Nxd4 12. Rxd4 Bc5 13. Rf4 Nb6 14. Bd3
Bd7 15. Bg6 f5 16. exf6 gxf6 17. Ne5 Bd6 {(Draw offer)} 18. Nf7 Bxf4+ 19. Qxf4
Qe7 20. Nxh8 Kg7 21. Bd3 Rxh8 22. Qg3+ Kf7 23. Rh3 Rg8 1/2-1/2

[Event "NCL978b Kings Head-Witney"]
[Site "Rd1"]
[Date "1998.05.24"]
[Round "1.8"]
[White "Smith, Lucy"]
[Black "Suzuki, Layla"]
[Result "1/2-1/2"]
[WhiteElo "1448"]
[BlackElo "1120"]
[PlyCount "106"]
[EventDate "1998.05.24"]

1. d4 e6 2. c4 Nf6 3. Nc3 d5 4. Bg5 c5 5. e3 Nc6 6. Nf3 Be7 7. dxc5 Bxc5 8.
cxd5 exd5 9. Bxf6 Qxf6 10. Qxd5 Bb4 11. Qe4+ Be6 12. Nd4 O-O 13. Bd3 g6 14. O-O
Rac8 15. Nce2 Nxd4 16. Qxd4 Qxd4 17. Nxd4 Rfd8 18. a3 Bc5 19. Nxe6 fxe6 20. Be4
b6 21. Rac1 Bf8 22. g3 Rxc1 23. Rxc1 Rd2 24. Rc2 Rd8 25. Kg2 Be7 26. Kf3 a5 27.
Ke2 Kf8 28. Bf3 e5 29. Be4 Kg8 30. f3 Kf8 31. Bd3 Kg8 32. Bc4+ Kf8 33. Be6 Rd6
34. Bb3 Rd8 35. f4 exf4 36. gxf4 Bc5 37. Rd2 Be7 38. Bc2 Kg7 39. Rxd8 Bxd8 40.
e4 Bc7 41. e5 Kf7 42. Bb3+ Ke7 43. Ke3 b5 44. Bg8 h6 45. Ke4 Bb8 46. Bd5 Bc7
47. Bc6 b4 48. axb4 axb4 49. b3 Bb6 50. h3 Ba7 51. f5 gxf5+ 52. Kxf5 Be3 53.
Bd5 Bd2 1/2-1/2

[Event "NCL978b Guildford2-White Rose"]
[Site "Rd1"]
[Date "1998.05.24"]
[Round "1.1"]
[White "James, Russell"]
[Black "Dearing, Eddie"]
[Result "0-1"]
[WhiteElo "2110"]
[BlackElo "2295"]
[PlyCount "102"]
[EventDate "1998.05.24"]

1. d4 e6 2. Nf3 Nf6 3. Bg5 c5 4. e3 Qb6 5. Nbd2 Qxb2 6. Bd3 Qb6 7. O-O Be7 8.
Re1 h6 9. Bxf6 Bxf6 10. Ne4 Be7 11. Rb1 Qc7 12. d5 d6 13. Bb5+ Bd7 14. dxe6
fxe6 15. Bxd7+ Nxd7 16. Nh4 Bxh4 17. Qh5+ Ke7 18. Qxh4+ g5 19. Qg3 Qc6 20. Red1
d5 21. Nc3 b6 22. Rd2 Nf6 23. Re1 Raf8 24. Qe5 Kf7 25. f3 b5 26. Ne2 Rhg8 27.
Ng3 Nd7 28. Qb2 Nb6 29. Rf2 Nc4 30. Qc1 e5 31. Nf5 Qe6 32. f4 gxf4 33. exf4 e4
34. Ne3 d4 35. f5 Qc6 36. Nxc4 bxc4 37. Qf4 e3 38. Rf3 Rg7 39. Rg3 Rxg3 40.
hxg3 Re8 41. g4 Re4 42. Qh2 d3 43. Qh5+ Kf8 44. cxd3 cxd3 45. f6 Qxf6 46. Qxc5+
Kg7 47. Rxe3 d2 48. Qc7+ Kg6 49. Qc2 d1=Q+ 50. Qxd1 Rxe3 51. Qc2+ Kg7 0-1

[Event "NCL978b Guildford2-White Rose"]
[Site "Rd1"]
[Date "1998.05.24"]
[Round "1.2"]
[White "Barrett, Stephen"]
[Black "Punnett, Alan"]
[Result "0-1"]
[WhiteElo "2240"]
[BlackElo "2100"]
[PlyCount "72"]
[EventDate "1998.05.24"]

1. d4 d5 2. c4 dxc4 3. e4 c5 4. Nf3 cxd4 5. Bxc4 Nc6 6. e5 Nxe5 7. Bb5+ Bd7 8.
Nxe5 Qa5+ 9. Nc3 Bxb5 10. Qb3 dxc3 11. Qxf7+ Kd8 12. Qd5+ Ke8 13. b4 Qxb4 14.
Ba3 Qa5 15. Qf7+ Kd8 {#} 16. Qxf8+ Kc7 17. Qf4 Rf8 18. Nf7+ Kb6 19. Bb4 Qa4 20.
Qd4+ Ka6 21. Rc1 Qxa2 22. Qe3 Qd2+ 23. Qxd2 cxd2+ 24. Kxd2 Rxf7 25. Rc8 Rxf2+
26. Ke3 Rf1 27. Rxf1 Bxf1 28. Bc3 h5 29. Bxg7 Rh7 30. Rxg8 Bc4 31. Rc8 Rxg7 32.
Rxc4 Rxg2 33. Rh4 Rg5 34. Re4 Rb5 35. Rxe7 Rb2 36. Re6+ b6 {time} 0-1

[Event "NCL978b Guildford2-White Rose"]
[Site "Rd1"]
[Date "1998.05.24"]
[Round "1.3"]
[White "Singleton, Michael"]
[Black "Gayson, Peter"]
[Result "0-1"]
[WhiteElo "2080"]
[BlackElo "2240"]
[PlyCount "62"]
[EventDate "1998.05.24"]

1. d4 f5 2. Bg5 Nc6 3. e3 g6 4. h4 h6 5. Bf4 d6 6. g4 Bg7 7. gxf5 Bxf5 8. Bd3
Qd7 9. e4 Bg4 10. f3 Bh5 11. c3 e5 12. Be3 exd4 13. cxd4 Bxd4 14. Bxd4 Nxd4 15.
Bf1 Qg7 16. Nc3 O-O-O 17. Nd5 Qe5 18. Rh3 Nf6 19. Nxf6 Qxf6 20. Qd3 Rhf8 21.
Bg2 Ne6 22. Ne2 Qxb2 23. Rb1 Nc5 24. Qd1 Qa3 25. f4 Qxa2 26. Re3 Bxe2 27. Rxe2
Qa5+ 28. Kf1 Rxf4+ 29. Kg1 Qc3 30. Rc1 Qd3 31. Qe1 Qd4+ 0-1

[Event "NCL978b Guildford2-White Rose"]
[Site "Rd1"]
[Date "1998.05.24"]
[Round "1.4"]
[White "Potts, Alan"]
[Black "Stimpson, Phil"]
[Result "1-0"]
[WhiteElo "2290"]
[BlackElo "1960"]
[PlyCount "79"]
[EventDate "1998.05.24"]

1. e4 d5 2. Nc3 d4 3. Nce2 e5 4. f4 Bg4 5. fxe5 Nc6 6. d3 Nxe5 7. a3 Bd6 8. Bf4
Ne7 9. Qd2 N7g6 10. Bg3 c5 11. h3 Be6 12. Nf3 Nxf3+ 13. gxf3 Nh4 14. Kf2 O-O
15. f4 f5 16. Bg2 Nxg2 17. Kxg2 Qe8 18. Raf1 Qc6 19. Kh2 fxe4 20. dxe4 Qxe4 21.
f5 Bd5 22. Rhg1 {#} Be5 23. Qd3 Rae8 24. Bxe5 Rxe5 25. Ng3 Qxd3 26. cxd3 Rf7
27. b4 Re3 28. bxc5 Rxd3 29. Rf2 Rxa3 30. Nh5 Ra2 31. Rxa2 Bxa2 32. Ng3 a6 33.
Rd1 Rd7 34. Ne4 Kf7 35. Nd6+ Kf6 36. Rxd4 b5 37. c6 Rd8 38. c7 Rf8 39. Re4 Bd5
40. Re8 1-0

[Event "NCL978b Guildford2-White Rose"]
[Site "Rd1"]
[Date "1998.05.24"]
[Round "1.5"]
[White "Tuddenham, David"]
[Black "White, Mark"]
[Result "1/2-1/2"]
[WhiteElo "1832"]
[BlackElo "2225"]
[PlyCount "76"]
[EventDate "1998.05.24"]

1. e4 c5 2. Nc3 e6 3. g3 Nc6 4. Bg2 d6 5. f4 Nf6 6. d3 Be7 7. Nf3 Rb8 8. a4 a6
9. O-O O-O 10. h3 d5 11. e5 Nd7 12. Qe1 Nb4 13. Qe2 b5 14. axb5 axb5 15. Nd1 d4
16. Nf2 Bb7 17. Ne4 Qb6 18. Kh2 c4 19. dxc4 bxc4 20. Nxd4 Bd5 21. Nf3 Rfc8 22.
Nc3 Qc7 23. Be3 Nc5 24. Nd4 Bxg2 25. Qxg2 Rd8 26. Rfd1 Nd5 27. Nxd5 exd5 28.
Rdb1 Ne4 29. Qf3 Bc5 30. Qg4 Rb6 31. e6 Nf6 32. exf7+ Qxf7 33. Qf3 Re8 34. Nf5
Bxe3 35. Nxe3 Qe6 36. Ra3 d4 37. Ng2 Qe2 38. Qxe2 Rxe2 1/2-1/2

[Event "NCL978b Guildford2-White Rose"]
[Site "Rd1"]
[Date "1998.05.24"]
[Round "1.6"]
[White "Palliser, Richard"]
[Black "Erichsen, D."]
[Result "1-0"]
[WhiteElo "2165"]
[BlackElo "1872"]
[PlyCount "59"]
[EventDate "1998.05.24"]

1. d4 Nf6 2. c4 g6 3. Nc3 d5 4. cxd5 Nxd5 5. e4 Nxc3 6. bxc3 Bg7 7. Be3 O-O 8.
Qd2 e5 9. d5 f5 10. Nf3 fxe4 11. Ng5 Bf5 12. Bc4 Qd6 13. h3 b6 14. g4 h6 15.
gxf5 gxf5 16. Ne6 f4 17. Nxf8 Kxf8 18. f3 exf3 19. Bf2 Nd7 20. O-O-O Nf6 21.
Qc2 Re8 22. Qg6 Qa3+ 23. Kb1 Qxc3 24. Bb3 Rd8 25. d6 Rd7 26. dxc7 Qxc7 27. Rxd7
Qxd7 28. Rd1 Qe7 29. Rd8+ Ne8 30. Bh4 1-0

[Event "NCL978b Guildford2-White Rose"]
[Site "Rd1"]
[Date "1998.05.24"]
[Round "1.7"]
[White "Bimbatti, Gian"]
[Black "Forbes, Cathy"]
[Result "1/2-1/2"]
[WhiteElo "1808"]
[BlackElo "2105"]
[PlyCount "52"]
[EventDate "1998.05.24"]

1. e4 c5 2. Nf3 e6 3. d4 cxd4 4. Nxd4 a6 5. Nc3 Qc7 6. Bd3 Nf6 7. O-O b5 8. Qe2
d6 9. Bg5 Be7 10. Rae1 Nbd7 11. f4 Qb6 12. e5 Qxd4+ 13. Kh1 Bb7 14. exf6 gxf6
15. f5 e5 16. Be3 Qb4 17. Rf4 Qxb2 18. Bd4 Qa3 19. Be4 Bxe4 20. Rxe4 Nc5 21.
Re3 Qa5 22. Nd5 Ra7 23. c4 bxc4 24. Qxc4 O-O 25. Bc3 Qa4 26. Qe2 Kh8 1/2-1/2

[Event "NCL978b Guildford2-White Rose"]
[Site "Rd1"]
[Date "1998.05.24"]
[Round "1.8"]
[White "Jones, Gawain"]
[Black "Lusher, Claire"]
[Result "1/2-1/2"]
[WhiteElo "1784"]
[BlackElo "1784"]
[PlyCount "57"]
[EventDate "1998.05.24"]

1. e4 e5 2. Nf3 Nc6 3. Nc3 Nf6 4. g3 Bc5 5. Bg2 d6 6. O-O Bg4 7. h3 Bh5 8. d3
Nd4 9. a4 Qd7 10. Kh2 Bxf3 11. Bxf3 Nxf3+ 12. Qxf3 h5 13. Bg5 Ng4+ 14. Kg2 Nxf2
15. Rxf2 Bxf2 16. Qxf2 f6 17. Be3 a6 18. Nd5 Rf8 19. Rf1 Rc8 20. b3 b5 21. Bg5
bxa4 22. Bxf6 axb3 23. cxb3 Qe6 24. Qa7 Rxf6 25. Rxf6 gxf6 26. Nxc7+ Rxc7 27.
Qxc7 Qxb3 28. Qc8+ Ke7 29. Qc7+ 1/2-1/2

[Event "NCL978b Barbican2-Wessex"]
[Site "Rd11"]
[Date "1998.05.25"]
[Round "11.1"]
[White "Rogers, Jonathan"]
[Black "Rossiter, Philip"]
[Result "1/2-1/2"]
[WhiteElo "2335"]
[BlackElo "2370"]
[PlyCount "85"]
[EventDate "1998.05.25"]

1. e4 c5 2. Nf3 e6 3. d4 cxd4 4. Nxd4 a6 5. Bd3 Qc7 6. O-O g6 7. c4 Bg7 8. Nb3
d6 9. Nc3 Nd7 10. Be3 Ngf6 11. Rc1 b6 12. Qd2 Ne5 13. f3 O-O 14. Be2 Rd8 15.
Bg5 Rd7 16. Rfd1 Bb7 17. Bxf6 Bxf6 18. f4 Nxc4 19. Bxc4 Qxc4 20. Nd5 exd5 21.
Rxc4 dxc4 22. e5 Bg7 23. Nc1 Bc6 24. exd6 Rad8 25. Qb4 b5 26. Ne2 Bf8 27. Qc5
Be4 28. Nc3 Bd3 29. Re1 Rxd6 30. Qc7 Bf5 31. h3 Rc8 32. Qb7 Rcd8 33. Re2 Bd3
34. Re5 Bf5 35. Rd5 Rxd5 36. Nxd5 Kg7 37. Ne7 Be6 38. Qc7 Bxe7 39. Qxe7 Rd1+
40. Kh2 Rd7 41. Qa3 Ra7 42. Qd6 Rd7 43. Qxa6 1/2-1/2

[Event "NCL978b Barbican2-Wessex"]
[Site "Rd11"]
[Date "1998.05.25"]
[Round "11.3"]
[White "Kenworthy, Gary"]
[Black "Neil, David"]
[Result "1/2-1/2"]
[WhiteElo "2265"]
[BlackElo "2265"]
[PlyCount "96"]
[EventDate "1998.05.25"]

1. e4 Nf6 2. e5 Nd5 3. d4 d6 4. Nf3 dxe5 5. Nxe5 g6 6. Bc4 c6 7. h4 Bg7 8. h5
Be6 9. hxg6 hxg6 10. Rxh8+ Bxh8 11. Qe2 Nd7 12. Nf3 Qb6 13. c3 Nc7 14. Na3 Qa5
15. Ng5 Bd5 16. Bf4 Bf6 17. Ne4 Ne6 18. Bd2 O-O-O 19. O-O-O Bxc4 20. Qxc4 Rh8
21. f3 Kb8 22. Kb1 Bg7 23. Be1 Ka8 24. Bg3 Nf6 25. Nxf6 Bxf6 26. d5 cxd5 27.
Rxd5 Qb6 28. Rd1 a6 29. Nc2 Qc5 30. Qxc5 Nxc5 31. Ne3 e6 32. Kc2 Rd8 33. Rxd8+
Bxd8 34. Nc4 Nd7 35. b4 b6 36. Kd3 f6 37. a4 Kb7 38. Nd6+ Ka7 39. Ne8 Kb7 40.
c4 Be7 41. Nd6+ Bxd6 42. Bxd6 Kc6 43. Be7 Kc7 44. b5 axb5 45. axb5 Kb7 46. Bd6
Kc8 47. Kd4 Kb7 48. f4 Kc8 1/2-1/2

[Event "NCL978b Barbican2-Wessex"]
[Site "Rd11"]
[Date "1998.05.25"]
[Round "11.4"]
[White "Yeo, Michael"]
[Black "Lewis, Andrew"]
[Result "0-1"]
[WhiteElo "2210"]
[BlackElo "2290"]
[PlyCount "74"]
[EventDate "1998.05.25"]

1. e4 c6 2. d4 g6 3. Nc3 d5 4. e5 h5 5. f4 Nh6 6. Nf3 Bf5 7. h3 e6 8. g3 Nd7 9.
Be2 Bb4 10. Ng5 Be4 11. Rg1 Nf5 12. Kf1 Bxc3 13. bxc3 Qa5 14. Bd2 h4 15. Nxe4
dxe4 16. g4 Ng3+ 17. Kg2 Nb6 18. c4 Qa4 19. c5 {#} Qxd4 20. cxb6 axb6 21. c3
Qc5 22. Be1 Rd8 23. Qc2 Qe3 24. Bd1 Qxf4 25. Qf2 Qxe5 26. Qxb6 O-O 27. Qe3 Rd3
28. Qh6 Qf6 29. Kh2 Nf1+ 30. Rxf1 Qxf1 31. Qxh4 Rfd8 32. Bf2 Rd2 33. Be2 Qxe2
34. Re1 Qxf2+ 35. Qxf2 Rxf2+ 36. Kg3 Rxa2 37. Rxe4 Rd3+ 0-1

[Event "NCL978b Barbican2-Wessex"]
[Site "Rd11"]
[Date "1998.05.25"]
[Round "11.5"]
[White "Coleman, David"]
[Black "Upton, Ian"]
[Result "1/2-1/2"]
[WhiteElo "2240"]
[BlackElo "2245"]
[PlyCount "98"]
[EventDate "1998.05.25"]

1. e4 e6 2. d4 d5 3. Nc3 dxe4 4. Nxe4 Nd7 5. Nf3 Ngf6 6. Nxf6+ Nxf6 7. Bg5 h6
8. Bf4 c5 9. Be2 cxd4 10. Qxd4 Qxd4 11. Nxd4 Nd5 12. Bd2 Bc5 13. Nb3 Bd6 14. c4
Nf4 15. Bf1 b6 16. O-O-O Bb7 17. Be3 Be5 18. Rg1 Ng6 19. g3 Bf3 20. Rd2 O-O 21.
Be2 Bxe2 22. Rxe2 Rac8 23. Rc2 Ne7 24. f4 Nf5 25. Bf2 Bb8 26. Nd2 Rfd8 27. Nf3
f6 28. Rd1 g5 29. fxg5 hxg5 30. Nd4 Nxd4 31. Bxd4 Kf7 32. b3 e5 33. Be3 Rxd1+
34. Kxd1 g4 35. Rd2 Ke6 36. Ke2 Bd6 37. Bg1 Bc5 38. Bxc5 Rxc5 39. Ke3 Rc7 40.
a4 Rd7 41. Rc2 Rd1 42. b4 Rb1 43. c5 Rb3+ 44. Kf2 bxc5 45. bxc5 Rb7 46. Rd2 Rd7
47. Rb2 Rc7 48. Rb5 Rc6 49. Rb7 a6 1/2-1/2